000
00225nam a22001217a 4500
040
_c
SY
082
_a
611
100
_a
NA
245
_a
ជងឺគោក្របី
260
_a
NA
_b
NA
_c
NA
300
_a
82p.
942
_c
KB
999
_c
9925
_d
9925